000 01275nam a22003497a 4500
001 BR8000318
003 BR-BrBNA
005 20230928090518.0
007 ta
008 230509b bl.||||| |||| 00| 0 por d
040 _aBR-BrBNA
_bpor
_cBiblioteca Nacional de Agricultura
041 _a(Eng)
072 _aF00
_b0230
_b3575
090 _ 0230 BR8000318
100 1 _aBleicher, J.
100 1 _aTokeshi, H.
110 1 _aPrograma Nacional de Melhoramento da Cana-de-acucar, Piracicaba, SP (Brasil)
111 1 _a17. Congress of the international Society of Sugar Cane Tecnologists
_cManila (Philippines)
_d1 Feb 1980
245 1 _aEffect of sugarcane caryopses ventilation on germination and vigor [Beneficiamento; Semente; Saccharum spp; Microrganismo; Tratamento fitossanitario]
_bParte de tese
246 1 _aEffect of sugarcane caryopses ventilation on germination and vigor [Saccharum spp]
_b[Part of thesis]
260 3 _aPiracicaba, SP (Brasil):
_c1979.
300 _a11 p.
500 _a10 ref.; Summary (Eng)
650 _aProducao vegetal
650 _aCana de acucar
650 _aSemente
650 _aBeneficiamento
650 _aMicrorganismo
650 _aTratamento fitossanitario
909 _a202309
_bLucia
_c55
_dLucia Elande
942 _cBK
999 _c29148
_d29148